• 首页
  • 本馆介绍
  • 公告通知
  • 最新文献
  • 馆藏检索
  • 电子资源
  • 读者导购
  • 参考咨询
  • 我的图书馆
  • 登录
  • 详细信息显示
  • 放入我的书架
  • 预约/预借图书
  • 作者相关作品
  • 分类相关作品
  • 丛书相关作品
  • 出版社相关作品

书目信息

  • 表格格式
  • 工作单格式
  • 卡片格式
题名:
微生物工程技术原理
    
 
作者: 程殿林 主编
分册:  
出版信息: 北京   化学工业出版社  2007
页数: 270页
开本: 26cm
丛书名:
单 册:
中图分类: TQ92
科图分类:
主题词: 微生物--生物工程--高等学校--教材
电子资源:
ISBN: 978-7-5025-9619-4
000 00901nam0 2200265 450
001 012004148139
005 20070720105333.53
009 012004148139
010    @a978-7-5025-9619-4@dCNY29.00
035    @a(110019)012007024137
100    @a20070703d2007 em y0chiy0110 ea
101 0  @achi
102    @aCN@b110000
105    @ay z 000yy
106    @ar
200 1  @a微生物工程技术原理@Awei sheng wu gong cheng ji shu yuan li@f程殿林主编@Fcheng dian lin zhu bian
210    @a北京@c化学工业出版社@d2007
215    @a270页@d26cm
300    @a高等学校教材
330    @a本书系统地介绍了微生物工程领域所涉及的基础理论知识、生产实际应用和新的科技成果,从微生物工程的共性技术到个性举例,对具有代表性的知识进行了较为详细的阐述。
606 0  @a微生物@x生物工程@x高等学校@j教材
690    @aTQ92@v4
701  0 @a程殿林@Acheng dian lin@4主编
801  0 @aCN@b110019@c20070720
905    @dTQ92@e25@f5
    
    微生物工程技术原理/程殿林主编.-北京:化学工业出版社,2007
    270页;26cm
    高等学校教材
    
    ISBN 978-7-5025-9619-4:CNY29.00
    本书系统地介绍了微生物工程领域所涉及的基础理论知识、生产实际应用和新的科技成果,从微生物工程的共性技术到个性举例,对具有代表性的知识进行了较为详细的阐述。
●
相关链接 在E读中查询图书 在五车中查询图书 在当当中查询图书 在豆瓣中查询图书


正题名:微生物工程技术原理     索取号:TQ92/25         预约/预借

序号 登录号 条形码 馆藏地/架位号 状态 备注
1 0850257   208502574   第二样本阅览室/ [索取号:TQ92/25] 在馆    
2 0850258   208502583   第三借阅区/ [索取号:TQ92/25] 在馆    
3 0850259   208502592   第三借阅区/ [索取号:TQ92/25] 已借出,限还日期为2026.06.11
借出人:王立中  
 
4 0850260   208502609   第三借阅区/ [索取号:TQ92/25] 在馆    
5 0850261   208502618   第三借阅区/ [索取号:TQ92/25] 在馆    
唐山师范学院图书馆 欢迎您!
大连网信软件有限公司© 版权所有